banner koha

Substratos, concentrações de ácido indolbutírico e tipos de miniestacas no enraizamento de melaleuca (Melaleuca alternifolia Cheel) (Registro n. 298885)

MARC details
000 -LÍDER
fixed length control field 04119nab a2200325 i 4500
003 - CÓDIGO MARC DA AGÊNCIA CATALOGADORA
Campo de controle BR-BrBNA
005 - DATA E HORA DA ÚLTIMA ATUALIZAÇÃO
Campo de controle 20240321111428.0
008 - CAMPO DE TAMANHO FIXO
fixed length control field 240321b2012 bl.qr|pooa||| 00| 0 por |
040 ## - FONTE DA CATALOGAÇÃO
Agência catalogadora BR-BrBNA
Idioma da catalogação por
072 ## - CATEGORIA AGRIS
Código AGRIS F02
100 ## - ENTRADA PRINCIPAL - NOME PESSOAL
Nome pessoal Oliveira, Y.
100 ## - ENTRADA PRINCIPAL - NOME PESSOAL
Nome pessoal Alcantara, G.B.
100 ## - ENTRADA PRINCIPAL - NOME PESSOAL
Nome pessoal Guedes, I.
100 ## - ENTRADA PRINCIPAL - NOME PESSOAL
Nome pessoal Pinto, F.
100 ## - ENTRADA PRINCIPAL - NOME PESSOAL
Nome pessoal Quoirin, M.
100 ## - ENTRADA PRINCIPAL - NOME PESSOAL
Nome pessoal Biasi, L.A.
245 ## - TÍTULO PRINCIPAL
Título principal Substratos, concentrações de ácido indolbutírico e tipos de miniestacas no enraizamento de melaleuca (Melaleuca alternifolia Cheel)
500 ## - NOTA GERAL
Nota geral Publicação on-line; 18 ref.; 4 tables; Summaries (En, Pt)
942 ## - ADDED ENTRY ELEMENTS (KOHA)
Koha item type
520 ## - NOTA DE RESUMO
Nota de conteúdo <br/><br/>RESUMO: <br/><br/>Melaleuca alternifolia tem como produto principal o óleo essencial extraído das folhas<br/>devido às propriedades antifúngicas e antibacterianas. Pouco se tem relatado sobre a propagação<br/>desta espécie, sendo a miniestaquia uma alternativa para a propagação vegetativa de clones<br/>superiores visando à implantação de campo de produção. Este trabalho teve como objetivo avaliar<br/>o efeito de diferentes substratos, concentrações de AIB, e tipo de miniestaca, no enraizamento de<br/>Melaleuca alternifolia. No primeiro experimento foram testados os substratos, areia de granulometria<br/>média, Plantmax HT®, Golden-Mix® e vermiculita. No segundo experimento foram avaliadas diferentes<br/>concentrações de AIB (0, 500, 1000 e 2000 mg L-1), em dois tipos de miniestacas (apical e mediana).<br/>As miniestacas foram confeccionadas com 5 cm de comprimento, mantidas em casa de vegetação<br/>com nebulização intermitente, e, após 45 dias do plantio, foram avaliadas as porcentagens de<br/>miniestacas enraizadas, com calos e não responsivas, o número de raízes formadas por miniestaca<br/>e o comprimento das três maiores raízes (cm). O substrato Golden-Mix® e as miniestacas coletadas<br/>da porção apical do ramo submetidas ao tratamento com 500 mg L-1 de AIB apresentaram maior<br/>porcentagem de enraizamento e melhor qualidade do sistema radicial.<br/><br/>Palavras-chave: Myrtaceae, auxina, óleo essencial, plantas medicinais, propagação vegetativa
520 ## - NOTA DE RESUMO
Nota de conteúdo <br/><br/>ABSTRACT: <br/><br/>Substrates, indolebutyric acid levels and types of minicuttings on the rooting<br/>of tea tree (Melaleuca alternifolia Cheel). Melaleuca alternifolia has as major product the<br/>essential oil extracted from its leaves due to its antifungal and antibacterial properties. There are<br/>scarce reports about the propagation of this species, and minicutting is an alternative for vegetative<br/>propagation of superior clones in order to establish a production field. This study aimed to evaluate<br/>the effect of different substrates, IBA levels and types of minicuttings on the rooting of Melaleuca<br/>alternifolia. In the first experiment, the following substrates were tested: medium sand, Plantmax<br/>HT®, Golden-Mix® and vermiculite. In the second experiment, different IBA levels (0, 500, 1000<br/>and 2000 mg L-1) were tested for two minicutting types (apical and medium). Minicuttings were<br/>prepared with 5 cm length and were kept in a greenhouse with intermittent mist; then, at 45 days<br/>after planting, we evaluated: the percentages of rooted minicuttings, with callus and non-responsive,<br/>the number of roots per minicutting and the length of the three longest roots. The substrate<br/>Golden-Mix® and the minicuttings collected from the apical part of the branch and treated with 500<br/>mg L-1 IBA presented the largest rooting percentage and the best root system quality.<br/><br/>Key words: Myrtaceae, auxin, essential oil, medicinal plants, vegetative propagation
650 ## - ASSUNTO - THESAGRO
Cabeçalho tópico ou nome geográfico MYRTACEAE
650 ## - ASSUNTO - THESAGRO
Cabeçalho tópico ou nome geográfico AUXINA
650 ## - ASSUNTO - THESAGRO
Cabeçalho tópico ou nome geográfico ÓLEO ESSENCIAL
650 ## - ASSUNTO - THESAGRO
Cabeçalho tópico ou nome geográfico PLANTA MEDICINAL
650 ## - ASSUNTO - THESAGRO
Cabeçalho tópico ou nome geográfico PROPAGAÇÃO VEGETATIVA
773 0# - ENTRADA ANALÍTICA
Host Biblionumber 3543
Registro do item 313930
Imprenta Botucatu-SP Instituto de Biociências - Departamento de Química e Bioquímica 1998
Outro identificador 2024-0201
Título Revista Brasileira de Plantas Medicinais (Brazil)
ISSN 1516-0572
Colação v. 14(4) p. 611-616; (2012)
Número de controle de registro BR2024000378
856 ## - ACESSO E ENDEREÇO ELETRÔNICO
Identificador uniforme de recurso - URI https://www.scielo.br/j/rbpm/a/hGww6hSJkRBzxXgtZDzd8sB/?format=pdf&lang=pt

Nenhum exemplar disponível.

BINAGRI

Telefone: (61)3218-2567/2388/3357/2097 - binagri@agro.gov.br

Ministério da Agricultura e Pecuária , Esplanada dos Ministérios, Bloco D, Anexo B, Brasília/DF, CEP: 70.043-900